000
00434nam a22001337a 4500
003
SGT
020
_a
9789382821960
082
_a
891.4309
_b
H15S
100
_a
शर्मा, बिना
245
_a
हिंदी शिक्षण का अंतर्राष्ट्रीय परिप्रेक्ष्य
260
_b
नयी किताब प्रकाशन
_c
2015
300
_a
279
942
_2
ddc
_c
BK
999
_c
29912
_d
29912